Statystyki dla Losowe 50 Stanów USA

Kliknij tutaj aby rozwiązać quiz!

Ogólne statystyki

  • Ten quiz został rozwiązany 26 razy
  • Średni wynik to 26 z 50

Odpowiedzi na mapie

Odpowiedzi skodowane kolorowo w zielono-czerwonej skali na mapie do tego quizu, zgodnie z poniższymi procentami.
 

Statystyki odpowiedzi

Stan% Poprawnych
Missouri
74%
Nowy Jork
74%
Georgia
68%
Alaska
63%
Delaware
63%
Idaho
63%
Maine
63%
Minnesota
63%
Nebraska
63%
Utah
63%
Waszyngton
63%
Iowa
58%
Kolorado
58%
Maryland
58%
Michigan
58%
Nowy Meksyk
58%
Ohio
58%
Tennessee
58%
Alabama
53%
Arizona
53%
Dakota Północna
53%
Dakota Południowa
53%
Floryda
53%
Hawaje
53%
Karolina Południowa
53%
Massachusetts
53%
New Hampshire
53%
New Jersey
53%
Teksas
53%
Wyoming
53%
Arkansas
47%
Connecticut
47%
Kalifornia
47%
Karolina Północna
47%
Oregon
47%
Pensylwania
47%
Rhode Island
47%
Vermont
47%
Wirginia Zachodnia
47%
Wisconsin
47%
Indiana
42%
Kansas
42%
Kentucky
42%
Luizjana
42%
Missisipi
42%
Montana
42%
Nevada
37%
Oklahoma
37%
Wirginia
37%
Illinois
32%

Rozkład punktacji

Percentyl według liczby udzielonych odpowiedzi

Procent ludzi z każdym wynikiem

Twoja historia wyników

Nie rozwiązałeś tego quizu